Cagliari Calcio Squad 2023-2024 - Statistics

General Stats
  • This quiz has been taken 135 times
    94 since last reset
  • The average score is 20 of 33
Answer Stats
# Position Nation Player % Correct
77 FW Angola Zito Luvumbo
91%
9 FW Peru Gianluca Lapadula
90%
22 GK Italy Simone Scuffet
90%
26 DF Colombia Yerry Mina
88%
- Coach Italy Claudio Ranieri
87%
8 MF Uruguay Nahitan Nández
85%
61 FW Uzbekistan Eldor Shomurodov
84%
70 MF Italy Gianluca Gaetano
81%
30 FW Italy Leonardo Pavoletti
78%
4 DF Italy Alberto Dossena
75%
10 MF Italy Nicolas Viola
75%
1 GK Serbia Boris Radunović
74%
21 MF Czech Republic Jakub Jankto
71%
28 DF Italy Gabriele Zappa
69%
37 DF Brazil Paulo Azzi
68%
29 MF Congo Antoine Makoumbou
66%
27 DF Italy Tommaso Augello
65%
6 MF Croatia Marko Rog
63%
33 DF Slovakia Adam Obert
62%
32 FW Italy Andrea Petagna
59%
25 MF Ghana Ibrahim Sulemana
59%
14 MF Italy Alessandro Deiola
57%
16 MF Italy Matteo Prati
56%
23 DF Poland Mateusz Wieteska
50%
99 DF Italy Alessandro Di Pardo
46%
19 MF Italy Gaetano Oristanio
43%
18 GK Italy Simone Aresti
41%
20 MF Uruguay Gastón Pereiro
38%
3 DF Italy Edoardo Goldaniga
37%
5 MF Italy Marco Mancosu
35%
17 DF Greece Pantelis Chatzidiakos
26%
24 DF Italy Elio Capradossi
10%
38 FW Italy Jacopo Desogus
9%
No matching quizzes found
Score Distribution
Percent of People with Each Score
Percentile by Number Answered
Your Score History
You have not taken this quiz since the last reset